Účtovná závierka - povinnosti po jej zostavení
Právne normy upravujúce účtovnú závierku. Požiadavky na účtovnú závierku. Zmeny v účtovnej závierke. Výročná správa. Overovanie účtovnej závierky audítorom. Výsledok hospodárenia za bežné účtovné obdobie.
Gespeichert in:
| 1. Verfasser: | |
|---|---|
| Format: | Buchkapitel |
| Sprache: | Slowakisch |
| Schlagworte: | |
| Tags: |
Keine Tags, Fügen Sie das erste Tag hinzu!
|
MARC
| LEADER | 00000naa$a2200000$$$4500 | ||
|---|---|---|---|
| 001 | 0112353 | ||
| 005 | 20231120083605.9 | ||
| 041 | 0 | |a slo | |
| 044 | |a SK | ||
| 245 | 1 | 0 | |a Účtovná závierka - povinnosti po jej zostavení |c Ivana Hudecová |
| 520 | |a Právne normy upravujúce účtovnú závierku. Požiadavky na účtovnú závierku. Zmeny v účtovnej závierke. Výročná správa. Overovanie účtovnej závierky audítorom. Výsledok hospodárenia za bežné účtovné obdobie. | ||
| 610 | 2 | 0 | |a závierka účtovná |
| 610 | 2 | 0 | |a výsledok hospodársky |
| 610 | 2 | 0 | |a zisk |
| 610 | 2 | 0 | |a strata |
| 100 | 1 | |a Hudecová, Ivana | |